000 00575nam a2200181 4500
999 _c188886
_d188886
005 20220607112442.0
010 _aENG-133069
020 _a9788123017464
_c190.00
035 _aEN-116601
037 _bDBAD/PUB
082 _a577.52
100 _aHaque, M.A.
245 _aLiving with Others:
_bBiodiversity around us/
_cM.A. Haque
260 _aNew Delhi
_bMinistry of Information and Broadcasting
_c2013
270 _aSochna Bhawan, C.G.O. Complex, Lodhi Road
_bNew Delhi
_e110003
300 _a123p.
_bIndex
_c24cm(pbk)
942 _2ddc
_cEN
_h577.52
_mHAQ